banner-ar

دليل المصادر الميكروفيلمية بجامعة الاسكندرية / (Record no. 7038)

MARC details
000 -الفاتح
حقل البيانات ثابتة الطول 00857nam a2200229Ia 4500
008 - عناصر البيانات ثابتة الطول - معلومات عامة
حقل البيانات ثابتة الطول 140319s9999 xx 000 0 ara d
020 ## - الرقم الدولى المعيارى للكتب
الرقم الدولى المعيارى للكتاب 9265030975
040 ## - مصدر الفهرسة
وكالة الفهرسة الأصلية GCL /
وكالة النسخ GCL
082 04 - رقم تصنيف ديوى العشرى
رقم التصنيف 025.1794
رقم المادة م د
100 1# - المدخل الرئيسى - إسم شخصى
الإسم الشخصى المكتبة العلمية المركزية
245 10 - بيان العنوان
العنوان دليل المصادر الميكروفيلمية بجامعة الاسكندرية /
بيان المسئوليه,etc المكتبة العلمية المركزية
260 ## - PUBLICATION, DISTRIBUTION, ETC. (IMPRINT)
تاريخ النشر أو التوزيع 2000
300 ## - الوصف المادى
التعداد 213 ص ؛
أبعاد الوعاء 24 سم
490 ## - بيان السلسلة
عنوان السلسلة سلسلة ادلة المعلومات
رقم المجلد/ التعيين التسلسلي 1
650 04 - المدخل الاضافى بالموضوع-مصطلح موضوعى
مصطلح موضوعي الميكروفيلم
650 04 - المدخل الاضافى بالموضوع-مصطلح موضوعى
مصطلح موضوعي المصغرات الفيلمية
650 04 - المدخل الاضافى بالموضوع-مصطلح موضوعى
مصطلح موضوعي المكتبات
650 04 - المدخل الاضافى بالموضوع-مصطلح موضوعى
مصطلح موضوعي المكتبات - ادلة
650 04 - المدخل الاضافى بالموضوع-مصطلح موضوعى
مصطلح موضوعي المكتبات - الاسكندرية
942 ## - عناصر المدخل الإضافي( كوها)
مصدر التصنيف او مخطط الترفيف Dewey Decimal Classification
Koha [default] item type كتاب
260 ## - PUBLICATION, DISTRIBUTION, ETC. (IMPRINT)
-- القاهرة :
-- المكتبة العلمية المركزية ،
Holdings
حالة التراجع حالة الفقد حالة تلف ليس للاعارة المكان المؤقت الموقع الحالى تاريخ الاكتساب اجمالي اﻻعارات رقم الطلب الباركود تاريخ اخر مشاهدة تاريخ تفعيل السعر نوع وعاء كوها
        مكتبة القاهرة الكبرى مكتبة القاهرة الكبرى 03/26/2014   025.1794\ م د 14671 03/26/2014 03/26/2014 كتاب
        مكتبة القاهرة الكبرى مكتبة القاهرة الكبرى 03/26/2014   025.1794\ م د 14672 03/26/2014 03/26/2014 كتاب
        مكتبة القاهرة الكبرى مكتبة القاهرة الكبرى 03/26/2014   025.1794\ م د 14673 03/26/2014 03/26/2014 كتاب

Powered By

EGPV